Normal view
MARC view
Entry Personal Name
001 - CONTROL NUMBER
- control field: 50271
003 - CONTROL NUMBER IDENTIFIER
- control field: OSt
005 - DATE AND TIME OF LATEST TRANSACTION
- control field: 20250121104918.0
008 - FIXED-LENGTH DATA ELEMENTS
- fixed length control field: 250121|| aca||aabn | a|a d
040 ## - CATALOGING SOURCE
- Original cataloging agency: OSt
- Transcribing agency: OSt
100 ## - HEADING--PERSONAL NAME
- Personal name: Roy, Rana Navneet and Kumar, Prashant
670 ## - SOURCE DATA FOUND
- Source citation: Work cat.: (OSt)525492: Roy, Rana Navneet and Kumar, Prashant , Policy of mental healthcare in Indian prisons: An analysis with socio-medical reform approach
